Physics /

Salvato in:
Dettagli Bibliografici
Autori principali: Gettys, W.Edward (Autore), Keller, Frederick J (Autore), Skove, Malcolm J (Autore)
Natura: Libro
Lingua:inglese
Pubblicazione: New York : McGraw-Hill, 1993
Edizione:2.ed.
Soggetti:
Tags: Aggiungi Tag
Nessun Tag, puoi essere il primo ad aggiungerne!!

MARC

LEADER 00000nam a22000003a 4500
001 stu5262
005 20150617225811.8
008 951124s1993----xxu-----------------eng-d
020 |a 0-07-023461-2 
040 |a STU  |b slo 
041 0 |a eng 
044 |a xxu 
080 |a 53  |7 stu_us_auth*stu7966 
100 1 |a Gettys, W.Edward  |4 aut 
245 1 |a Physics /  |c [aut.] Keller,Frederick J.; Gettys,W.Edward; Skove,Malcolm J 
250 |a 2.ed. 
260 |a New York :  |b McGraw-Hill,  |c 1993 
300 |a 995 s :  |b príl 
650 7 |a fyzika  |2 stusub 
700 1 |a Keller, Frederick J  |4 aut 
700 1 |a Skove, Malcolm J  |4 aut 
996 |b 284V026928  |c V*43745/O-19024a  |l VVT  |s A  |a 24  |w stu5262_0002